000 00673nam a2200145Ia 4500
008 151213s9999 xx 000 0 und d
100 _aরবার্টসেন ওগরেন ।অনু: কবীর চেীধুরী
245 _aঅল দি কিংস মেন।
_cরবার্টসেন ওগরেন ।অনু: কবীর চেীধুরী
260 _aঢাকা
_bযবাংলা একাডেমী
_c1992
300 _a7315 p.
650 _aBangla
650 _aঅনুবাদ গ্রন্থ
700 _aরবার্টসেন ওগরেন ।অনু: কবীর চেীধুরী
999 _c3885
_d3885